[Event "Ruy Lopez - Norma de MI"]
[Site "Asamblea de Merida"]
[Date "2008.04.05"]
[Round "1.1"]
[White "Figuero Toro, Julian Francisco"]
[Black "Rocha, Sergio"]
[Result "0-1"]
[WhiteElo "2253"]
[BlackElo "2412"]
[PlyCount "142"]
[EventDate "2008.04.05"]
[SourceDate "2008.04.06"]

1. e4 c5 2. Nf3 g6 3. d4 Bg7 4. d5 d6 5. Bb5+ Nd7 6. a4 Ngf6 7. Nc3 O-O 8. O-O
a6 9. Be2 b6 10. Bf4 Qc7 11. h3 Ne5 12. Qd2 Bd7 13. Nxe5 dxe5 14. Bg5 c4 15.
Rad1 Qc5 16. Be3 Qb4 17. d6 e6 18. f4 exf4 19. Rxf4 e5 20. Rxf6 Bxf6 21. Nd5
Qxd2 22. Nxf6+ Kg7 23. Rxd2 Kxf6 24. Bxc4 b5 25. Bd5 g5 26. Rf2+ Kg6 27. Bxa8
Rxa8 28. a5 Rc8 29. b3 h5 30. Bb6 Rc6 31. Rd2 g4 32. Bd8 f5 33. exf5+ Kxf5 34.
hxg4+ hxg4 35. Bh4 Ke6 36. Be7 Rc3 37. Kf2 Bc6 38. Bh4 Kd7 39. Bf6 g3+ 40. Kf1
Re3 41. Rd3 Re4 42. Bg5 Rg4 43. Bd2 b4 44. Ke1 Bxg2 45. Be3 Be4 46. Rd2 Bf3 47.
Rd3 Rh4 48. Bg1 e4 49. Re3 Rh1 50. Kf1 Kxd6 51. c3 Kc5 52. Re1+ Rxg1+ 53. Kxg1
bxc3 54. b4+ Kxb4 55. Rb1+ Kc4 56. Rb8 e3 57. Rc8+ Kd4 58. Rc7 e2 59. Rc4+ Ke5
60. Re4+ Kd6 61. Re6+ Kc5 62. Rc6+ Kb4 63. Rb6+ Kc4 64. Rc6+ Kd4 65. Rc4+ Ke5
66. Re4+ Kf6 67. Rf4+ Kg6 68. Rf6+ Kh5 69. Rh6+ Kg5 70. Rg6+ Kh4 71. Rh6+ Bh5
0-1

[Event "Ruy Lopez - Norma de MI"]
[Site "Asamblea de Merida"]
[Date "2008.04.05"]
[Round "1.2"]
[White "Strikovic, Aleksa"]
[Black "Cabezas Ayala, Ivan"]
[Result "0-1"]
[WhiteElo "2530"]
[BlackElo "2320"]
[PlyCount "96"]
[EventDate "2008.04.05"]
[SourceDate "2008.04.06"]

1. Nf3 Nf6 2. c4 g6 3. Nc3 Bg7 4. d4 O-O 5. Bg5 d6 6. e3 c6 7. Be2 a6 8. O-O b5
9. b4 a5 10. a3 bxc4 11. Bxc4 Nbd7 12. Rb1 Nb6 13. Bd3 axb4 14. axb4 Be6 15.
Qc2 Qd7 16. e4 Rfb8 17. b5 Bg4 18. bxc6 Qxc6 19. d5 Qc8 20. Nd4 Bd7 21. Rb4 Ng4
22. Rfb1 Rb7 23. Nc6 Bxc6 24. dxc6 Qxc6 25. Nd5 Qxc2 26. Bxc2 Ra2 27. Bd1 Nxf2
28. Bb3 Re2 29. Kf1 Rxe4 30. Rxb6 Rxb6 31. Nxb6 Bd4 32. Bc2 Re5 33. Bf4 Rc5 34.
Rc1 Ng4 35. Na4 Rc4 36. Ke2 Bf6 37. Bd2 Nxh2 38. Nb6 Rg4 39. Nd5 Rxg2+ 40. Kd3
Rxd2+ 41. Kxd2 Bg5+ 42. Ne3 Ng4 43. Rb1 Nxe3 44. Be4 Nc4+ 45. Kd3 Ne5+ 46. Kd4
e6 47. Rb7 Bf6 48. Bc2 d5 0-1

[Event "Ruy Lopez - Norma de MI"]
[Site "Asamblea de Merida"]
[Date "2008.04.05"]
[Round "1.4"]
[White "Vitor, Antonio"]
[Black "Carrasco Martinez, Juan M"]
[Result "0-1"]
[WhiteElo "2368"]
[BlackElo "2417"]
[PlyCount "92"]
[EventDate "2008.04.05"]
[SourceDate "2008.04.06"]

1. Nf3 d5 2. d4 Nf6 3. c4 c6 4. e3 Bf5 5. Nc3 e6 6. Nh4 Be4 7. f3 Bg6 8. Qb3
Qb6 9. Bd2 Qxb3 10. axb3 Bc2 11. e4 Bxb3 12. cxd5 exd5 13. Nf5 dxe4 14. fxe4
Bc2 15. Ng3 h5 16. Rc1 Bb3 17. e5 Nd5 18. Nce4 g6 19. Bd3 h4 20. Ne2 Nd7 21.
O-O Be7 22. h3 Nc7 23. Bg5 Bxg5 24. Nxg5 Rd8 25. Bc4 Bxc4 26. Rxc4 O-O 27. Rf4
f6 28. exf6 Nxf6 29. Rxh4 Nfd5 30. Re4 Rfe8 31. Rxe8+ Rxe8 32. Kf2 Ne3 33. Rc1
Ncd5 34. Re1 Nc2 35. Rc1 Ncb4 36. Rd1 Ne3 37. Ra1 Nd3+ 38. Kf3 Nc2 39. Rxa7
Re3+ 40. Kg4 Rxe2 41. Rxb7 Rxg2+ 42. Kh4 Nxd4 43. Rb8+ Kg7 44. Rb7+ Kf6 45.
Ne4+ Ke5 46. Ng3 g5+ 0-1

[Event "Ruy Lopez - Norma de MI"]
[Site "Asamblea de Merida"]
[Date "2008.04.05"]
[Round "2.1"]
[White "Rocha, Sergio"]
[Black "Garcia Romero, Benjamin Abel"]
[Result "1-0"]
[WhiteElo "2412"]
[BlackElo "2250"]
[PlyCount "33"]
[EventDate "2008.04.05"]
[SourceDate "2008.04.06"]

1. e4 e5 2. Nf3 Nc6 3. Bb5 a6 4. Bxc6 dxc6 5. O-O Bg4 6. h3 h5 7. d3 Qf6 8.
Nbd2 O-O-O 9. hxg4 hxg4 10. Nh2 Nh6 11. Nxg4 Qh4 12. Nh2 Bc5 13. Qf3 f5 14. g3
Qe7 15. exf5 Rdf8 16. Ne4 Nxf5 17. Bg5 1-0

[Event "Ruy Lopez - Norma de MI"]
[Site "Asamblea de Merida"]
[Date "2008.04.05"]
[Round "2.2"]
[White "Carrasco Martinez, Juan M"]
[Black "Frois, Antonio"]
[Result "0-1"]
[WhiteElo "2417"]
[BlackElo "2370"]
[PlyCount "60"]
[EventDate "2008.04.05"]
[SourceDate "2008.04.06"]

1. e4 g6 2. d4 Bg7 3. Nf3 d6 4. Nc3 Nf6 5. Be2 O-O 6. O-O a6 7. Re1 e6 8. Bf1
b5 9. e5 dxe5 10. dxe5 Qxd1 11. Nxd1 Nfd7 12. a4 Bb7 13. Nd2 Nc6 14. axb5 Nb4
15. Ne3 axb5 16. Rxa8 Rxa8 17. Bxb5 Nxe5 18. f4 Bc6 19. Bf1 Nd7 20. c3 Na2 21.
Ndc4 Nxc1 22. Rxc1 Nc5 23. Rd1 Rb8 24. Ne5 Bxe5 25. fxe5 Rxb2 26. Ng4 Kg7 27.
Rd4 Nd7 28. Rc4 Rb6 29. Rxc6 Rxc6 30. Bb5 Nxe5 0-1

[Event "Ruy Lopez - Norma de MI"]
[Site "Asamblea de Merida"]
[Date "2008.04.05"]
[Round "2.3"]
[White "Guerra Tulcan, Lenin"]
[Black "Vitor, Antonio"]
[Result "0-1"]
[WhiteElo "2274"]
[BlackElo "2368"]
[PlyCount "102"]
[EventDate "2008.04.05"]
[SourceDate "2008.04.06"]

1. e4 c5 2. Nf3 Nc6 3. d4 cxd4 4. Nxd4 g6 5. Be2 Bg7 6. Nb3 Nf6 7. Nc3 d6 8.
O-O O-O 9. Kh1 a6 10. a4 b6 11. f4 Bb7 12. Bf3 Nd7 13. Nd5 Na5 14. c3 Rb8 15.
Nd4 e6 16. Ne3 e5 17. Ne2 exf4 18. Nxf4 Ne5 19. Nfd5 Nac4 20. Qe2 Nxe3 21. Bxe3
Bxd5 22. exd5 Qc8 23. Bf4 Re8 24. Rae1 b5 25. axb5 axb5 26. Bxe5 Rxe5 27. Qd3
Qc4 28. Qxc4 bxc4 29. Ra1 Re7 30. Ra6 Be5 31. Rc6 Rxb2 32. Rxc4 Rc2 33. Rc8+
Kg7 34. c4 Bd4 35. Rc6 Bc5 36. Ra6 Rxc4 37. Ra2 Rd4 38. g3 h5 39. Kg2 Rb4 40.
Rc2 f5 41. Rd1 Kf6 42. h3 Bd4 43. Rf1 Kg5 44. Kh2 Re3 45. Kg2 Rbb3 46. Rc4 Red3
47. h4+ Kf6 48. Rc2 Ra3 49. Re2 Be5 50. Rc2 Rd4 51. Rff2 Rg4 0-1

[Event "Ruy Lopez - Norma de MI"]
[Site "Asamblea de Merida"]
[Date "2008.04.05"]
[Round "2.4"]
[White "Cabezas Ayala, Ivan"]
[Black "Dolezal, Cristian"]
[Result "0-1"]
[WhiteElo "2320"]
[BlackElo "2436"]
[PlyCount "108"]
[EventDate "2008.04.05"]
[SourceDate "2008.04.06"]

1. d4 d5 2. Nf3 c5 3. c4 e6 4. cxd5 exd5 5. e3 Nf6 6. Bb5+ Nc6 7. O-O Bd6 8.
dxc5 Bxc5 9. Qc2 Qd6 10. b3 O-O 11. Bxc6 bxc6 12. Bb2 Bb6 13. Be5 Qe6 14. Nc3
Ba6 15. Rfd1 Rac8 16. Rac1 Rfe8 17. Bxf6 Qxf6 18. Na4 Rc7 19. Nxb6 axb6 20.
Rxd5 c5 21. Rcd1 Bb7 22. Rd6 Qe7 23. Qf5 h6 24. h3 Be4 25. Qf4 b5 26. Rb6 Bc6
27. Rc1 Rcc8 28. b4 Qa7 29. bxc5 Qa3 30. Rd1 Qxc5 31. Ra6 Red8 32. Rxd8+ Rxd8
33. Qc7 Rd1+ 34. Kh2 Rc1 35. Nd4 Rh1+ 36. Kxh1 Bxg2+ 37. Kxg2 Qxc7 38. Rc6 Qe5
39. Rc2 Qd5+ 40. Kg1 Qg5+ 41. Kh2 Qe5+ 42. Kg1 b4 43. Rb2 Qc5 44. Rc2 Qd6 45.
Rc6 Qd5 46. Rc2 Kh7 47. Rb2 Qd6 48. Rc2 h5 49. Rc6 Qd5 50. Rb6 Qc4 51. Rb5 g6
52. Kg2 Kh6 53. Ra5 f5 54. f4 Qd3 0-1

[Event "Ruy Lopez - Norma de MI"]
[Site "Asamblea de Merida"]
[Date "2008.04.05"]
[Round "2.5"]
[White "Figuero, Toro Julian Francis"]
[Black "Strikovic, Aleksa"]
[Result "0-1"]
[WhiteElo "2253"]
[BlackElo "2530"]
[PlyCount "66"]
[EventDate "2008.04.05"]
[SourceDate "2008.04.06"]

1. e4 c5 2. Nf3 e6 3. d4 cxd4 4. Nxd4 a6 5. Bd3 Nf6 6. O-O d6 7. c4 b6 8. Kh1
Bb7 9. Qe2 g6 10. f4 Bg7 11. Nc3 O-O 12. Nf3 Nbd7 13. Bd2 Re8 14. Rae1 Rc8 15.
Qf2 Nc5 16. Bb1 d5 17. exd5 exd5 18. Rxe8+ Qxe8 19. cxd5 Nxd5 20. Ne5 b5 21.
Nxd5 Bxd5 22. Re1 Qd8 23. h3 f6 24. Ng4 h5 25. Nh2 f5 26. b4 Ne4 27. Bxe4 Bxe4
28. Rc1 Rxc1+ 29. Bxc1 Qd1+ 30. Qg1 Qc2 31. Be3 Qxa2 32. Bc5 Qd2 33. Qe3 Qxg2#
0-1

[Event "Ruy Lopez - Norma de MI"]
[Site "Asamblea de Merida"]
[Date "2008.04.06"]
[Round "3.4"]
[White "Frois, Antonio"]
[Black "Guerra Tulcan, Lenin"]
[Result "1-0"]
[WhiteElo "2370"]
[BlackElo "2274"]
[PlyCount "75"]
[EventDate "2008.04.05"]
[SourceDate "2008.04.06"]

1. Nf3 Nf6 2. c4 d6 3. g3 g6 4. Bg2 c6 5. O-O Bg7 6. Nc3 O-O 7. d4 a6 8. e4 b5
9. e5 Nfd7 10. e6 fxe6 11. Ng5 Nb6 12. Bh3 e5 13. Be6+ Kh8 14. dxe5 Nxc4 15.
exd6 exd6 16. Re1 h6 17. Nf7+ Rxf7 18. Bxf7 Ne5 19. Rxe5 Bxe5 20. Bxg6 Qf8 21.
Qh5 Bg7 22. Ne4 Nd7 23. Bf4 Ne5 24. Bxe5 dxe5 25. Rc1 Be6 26. Rxc6 Bd5 27. Rc7
Rc8 28. Rxc8 Qxc8 29. Nc3 Be6 30. Be4 b4 31. Qg6 Kg8 32. Bd5 Bxd5 33. Nxd5 Qd8
34. Ne3 Qg5 35. Qxa6 Kh7 36. Qd3+ Qg6 37. Nf5 Qg4 38. Qd7 1-0

[Event "Ruy Lopez - Norma de MI"]
[Site "Asamblea de Merida"]
[Date "2008.04.06"]
[Round "3.5"]
[White "Garcia Romero, Benjamin Abel"]
[Black "Carrasco Martinez, Juan M"]
[Result "0-1"]
[WhiteElo "2250"]
[BlackElo "2417"]
[PlyCount "58"]
[EventDate "2008.04.05"]
[SourceDate "2008.04.06"]

1. d4 c5 2. d5 Nf6 3. Nc3 g6 4. e4 d6 5. Bb5+ Bd7 6. a4 Bg7 7. Nge2 Na6 8. O-O
O-O 9. Ra3 Nc7 10. Nf4 a6 11. Bxd7 Qxd7 12. Qf3 b5 13. axb5 axb5 14. Nb1 Ng4
15. Rxa8 Rxa8 16. h3 Ne5 17. Qe2 b4 18. c4 Qa4 19. Re1 Qb3 20. Nd2 Qc2 21. Qd1
Qxd1 22. Rxd1 Bh6 23. g3 Ra2 24. b3 Bxf4 25. gxf4 Nd3 26. Nf1 Nxf2 27. Re1
Nxh3+ 28. Kh1 Ra1 29. f5 Nf2+ 0-1

[Event "Ruy Lopez - Norma de MI"]
[Site "Asamblea de Merida"]
[Date "2008.04.06"]
[Round "4.1"]
[White "Rocha, Sergio"]
[Black "Carrasco Martinez, Juan M"]
[Result "1/2-1/2"]
[WhiteElo "2412"]
[BlackElo "2417"]
[PlyCount "76"]
[EventDate "2008.04.05"]
[SourceDate "2008.04.06"]

1. e4 e6 2. d4 d5 3. Nc3 Bb4 4. e5 c5 5. a3 Bxc3+ 6. bxc3 Qa5 7. Bd2 Qa4 8. Nf3
Nc6 9. Qb1 c4 10. h4 Nge7 11. h5 h6 12. g4 f6 13. Bg2 fxe5 14. dxe5 Bd7 15. Nd4
O-O-O 16. f4 Rdf8 17. Qb2 b6 18. O-O-O Nxd4 19. cxd4 Nc6 20. Rhf1 b5 21. f5 a5
22. c3 Kc7 23. Rde1 b4 24. cxb4 Rb8 25. Bf3 axb4 26. Bd1 Qxa3 27. Qxa3 bxa3 28.
Bc3 Nb4 29. Bc2 a2 30. Kd2 Nxc2 31. Kxc2 Rhf8 32. Kd2 Rf7 33. Ra1 Rb1 34. Ba5+
Kc8 35. Raxb1 axb1=Q 36. Rxb1 exf5 37. Rb6 Be8 38. Re6 Ba4 1/2-1/2

[Event "Ruy Lopez - Norma de MI"]
[Site "Asamblea de Merida"]
[Date "2008.04.06"]
[Round "4.2"]
[White "Guerra Tulcan, Lenin"]
[Black "Garcia Romero, Benjamin Abel"]
[Result "1-0"]
[WhiteElo "2274"]
[BlackElo "2250"]
[PlyCount "73"]
[EventDate "2008.04.05"]
[SourceDate "2008.04.06"]

1. e4 c5 2. Nf3 e6 3. d4 cxd4 4. Nxd4 a6 5. c4 Nf6 6. Nc3 Bb4 7. Bd3 Nc6 8. Nc2
Be7 9. O-O Qc7 10. f4 d6 11. Be3 h5 12. Kh1 Rb8 13. Rc1 Ng4 14. Bg1 g5 15. Nd4
gxf4 16. Nd5 exd5 17. cxd5 Nge5 18. dxc6 bxc6 19. Qc2 Bd7 20. Ne2 f3 21. gxf3
Rg8 22. Nf4 Bg5 23. Be3 Bxf4 24. Bxf4 Rxb2 25. Qxb2 Nxd3 26. Qd2 Nxc1 27. Bxd6
Qb6 28. Qxc1 Qd4 29. Bg3 Rg6 30. Qb1 Qf6 31. Qb8+ Ke7 32. Bc7 Qc3 33. Qd8+ Ke6
34. f4 Rg1+ 35. Kxg1 Qe3+ 36. Kg2 Qxe4+ 37. Kg3 1-0

[Event "Ruy Lopez - Norma de MI"]
[Site "Asamblea de Merida"]
[Date "2008.04.06"]
[Round "4.4"]
[White "Figuero, Toro Julian Francis"]
[Black "Vitor, Antonio"]
[Result "1/2-1/2"]
[WhiteElo "2253"]
[BlackElo "2368"]
[PlyCount "50"]
[EventDate "2008.04.05"]
[SourceDate "2008.04.06"]

1. e4 c5 2. Nf3 Nc6 3. d4 cxd4 4. Nxd4 g6 5. Nc3 Bg7 6. Nde2 Nf6 7. g3 O-O 8.
Bg2 d6 9. O-O Rb8 10. a4 b6 11. h3 Bb7 12. Nd5 Re8 13. Be3 e6 14. Nxf6+ Bxf6
15. c3 Qc7 16. Nd4 Nxd4 17. cxd4 Rbc8 18. a5 bxa5 19. Qa4 a6 20. Rfc1 Qb8 21.
Rc3 Qa8 22. Rac1 Rxc3 23. Rxc3 Rc8 24. Rxc8+ Qxc8 25. Qxa5 h5 1/2-1/2

[Event "Ruy Lopez - Norma de MI"]
[Site "Asamblea de Merida"]
[Date "2008.04.06"]
[Round "4.5"]
[White "Strikovic, Aleksa"]
[Black "Dolezal, Cristian"]
[Result "1-0"]
[WhiteElo "2530"]
[BlackElo "2436"]
[PlyCount "105"]
[EventDate "2008.04.05"]
[SourceDate "2008.04.06"]

1. e4 e6 2. d4 d5 3. Nc3 Nf6 4. e5 Nfd7 5. f4 c5 6. Nf3 Nc6 7. Be3 cxd4 8. Nxd4
Bb4 9. Qd2 Nc5 10. Bd3 Bd7 11. O-O Nxd4 12. Bxd4 Ne4 13. Qe3 Bxc3 14. bxc3 O-O
15. c4 f5 16. exf6 gxf6 17. f5 e5 18. cxd5 Nd6 19. Bxa7 e4 20. Bb6 Qb8 21. Be2
Nxf5 22. Qxe4 Qd6 23. Bf2 b5 24. Bd3 Ra4 25. Qf3 Rf4 26. Qh3 Rf7 27. Be3 Nxe3
28. Qxe3 Rxf1+ 29. Rxf1 Qxd5 30. Be4 Qe5 31. Re1 Kg7 32. Bf3 Qxe3+ 33. Rxe3 Bf5
34. Rb3 Ra7 35. Rxb5 Kg6 36. Rb2 Be6 37. Be4+ Kg7 38. Bd3 f5 39. Kf2 Kf6 40.
Ke3 Kg5 41. c4 Ra3 42. Kd4 h5 43. Bc2 h4 44. Bb3 f4 45. c5 Bf5 46. c6 Ra8 47.
Bd5 h3 48. gxh3 Bxh3 49. Ke5 Re8+ 50. Kd6 Re1 51. c7 Rd1 52. Rb8 f3 53. Rf8 1-0

[Event "Ruy Lopez - Norma de MI"]
[Site "Asamblea de Merida"]
[Date "2008.04.07"]
[Round "5.1"]
[White "Dolezal, Cristian"]
[Black "Rocha, Sergio"]
[Result "1/2-1/2"]
[WhiteElo "2436"]
[BlackElo "2412"]
[PlyCount "160"]
[EventDate "2008.04.05"]
[SourceDate "2008.04.06"]

1. d4 g6 2. e4 Bg7 3. c3 d6 4. Bg5 Nd7 5. Nd2 c5 6. d5 Ngf6 7. f3 a6 8. a4 h6
9. Bh4 b6 10. Ne2 Rb8 11. Nc1 g5 12. Bf2 Ne5 13. h4 b5 14. axb5 axb5 15. hxg5
hxg5 16. Rxh8+ Bxh8 17. Be3 g4 18. f4 Ng6 19. g3 Nh5 20. Ne2 Bd7 21. Bg2 Ra8
22. Kf2 Bg7 23. Nb3 Ra4 24. Qh1 Nf6 25. e5 dxe5 26. Nxc5 Rxa1 27. Qxa1 exf4 28.
Nxf4 Nxf4 29. Bxf4 Nh5 30. Nxd7 Nxf4 31. gxf4 Kxd7 32. Qa6 Qb8 33. Kg3 Kd8 34.
Bf1 b4 35. Qa5+ Ke8 36. Bb5+ Kf8 37. Qxb4 Qb6 38. Kxg4 Qf2 39. Qe4 Bf6 40. Qe2
Qh4+ 41. Kf3 Qh1+ 42. Qg2 Qd1+ 43. Ke3 Qc1+ 44. Ke4 Qe1+ 45. Kd3 Qc1 46. Qf2
Qb1+ 47. Kc4 Qa2+ 48. Kb4 Qxd5 49. Qc5 Qd2 50. Qc8+ Kg7 51. Qg4+ Kf8 52. Kb3
Qe3 53. Qc8+ Kg7 54. f5 Be5 55. Qc4 Qb6 56. Ka2 Qa7+ 57. Kb1 Qg1+ 58. Qf1 Qb6
59. Kc2 Kf6 60. Bd3 Qc5 61. Qg2 Qa5 62. Qg4 Qc5 63. Qh4+ Kg7 64. Bc4 Bf6 65.
Qg4+ Kf8 66. Kb1 Be5 67. Bb3 Qb6 68. Qc4 Qg1+ 69. Ka2 Qa7+ 70. Qa4 Qf2 71. Bc2
Kg7 72. Ka1 Qg1+ 73. Bd1 Qe3 74. Kb1 Qf2 75. Qe4 Qc5 76. Qg4+ Kf8 77. Bb3 Qb6
78. Qd1 Kg7 79. Qd5 Qg1+ 80. Ka2 Qa7+ 1/2-1/2

[Event "Ruy Lopez - Norma de MI"]
[Site "Asamblea de Merida"]
[Date "2008.04.07"]
[Round "5.2"]
[White "Vitor, Antonio"]
[Black "Strikovic, Aleksa"]
[Result "1/2-1/2"]
[WhiteElo "2368"]
[BlackElo "2530"]
[PlyCount "73"]
[EventDate "2008.04.05"]
[SourceDate "2008.04.06"]

1. d4 d6 2. Nf3 g6 3. c4 Nf6 4. Nc3 Bg7 5. e4 O-O 6. Be2 c5 7. O-O Nc6 8. d5
Na5 9. Bg5 h6 10. Bd2 e5 11. Qc2 a6 12. Rab1 Bd7 13. b4 cxb4 14. Rxb4 Rc8 15.
Rc1 Bg4 16. Be3 Nd7 17. Ne1 Bxe2 18. Qxe2 f5 19. f3 f4 20. Bd2 Rc7 21. Ra4 b6
22. Nd1 Nc5 23. Rxa5 bxa5 24. Bxa5 Rff7 25. Nd3 Nxd3 26. Qxd3 Qh4 27. Bxc7 Qe1+
28. Qf1 Qd2 29. Nf2 Rxc7 30. c5 dxc5 31. Qc4 Qd4 32. Qd3 Qxd3 33. Nxd3 c4 34.
d6 Rd7 35. Rxc4 Rxd6 36. Kf2 g5 37. Ke2 1/2-1/2

[Event "Ruy Lopez - Norma de MI"]
[Site "Asamblea de Merida"]
[Date "2008.04.07"]
[Round "5.3"]
[White "Frois, Antonio"]
[Black "Figuero, Toro Julian Francis"]
[Result "1-0"]
[WhiteElo "2370"]
[BlackElo "2253"]
[PlyCount "55"]
[EventDate "2008.04.05"]
[SourceDate "2008.04.06"]

1. Nf3 d6 2. d4 g6 3. e4 Bg7 4. Nc3 Nf6 5. Be2 O-O 6. O-O c6 7. h3 Qc7 8. Bf4
Nh5 9. Be3 e5 10. a4 Nd7 11. Qd2 Re8 12. dxe5 dxe5 13. Ng5 Nf8 14. Bxh5 gxh5
15. Rfd1 f6 16. Nf3 Ng6 17. Ne2 h4 18. a5 f5 19. Bg5 fxe4 20. Nxh4 Qf7 21. Ng3
h6 22. Nxg6 Qxg6 23. Bh4 Rf8 24. Qe3 Kh7 25. Ra4 Rf4 26. Rxe4 Be6 27. Rd6 Raf8
28. f3 {Ilegible} 1-0

[Event "Ruy Lopez - Norma de MI"]
[Site "Asamblea de Merida"]
[Date "2008.04.07"]
[Round "5.4"]
[White "Garcia Romero, Benjamin Abel"]
[Black "Cabezas Ayala, Ivan"]
[Result "0-1"]
[WhiteElo "2250"]
[BlackElo "2320"]
[PlyCount "118"]
[EventDate "2008.04.05"]
[SourceDate "2008.04.06"]

1. d4 Nf6 2. c4 d6 3. Nc3 e5 4. Nf3 Nbd7 5. h3 c6 6. Qc2 Be7 7. c5 O-O 8. cxd6
Bxd6 9. e3 Qe7 10. Be2 Re8 11. a3 a6 12. g4 exd4 13. Nxd4 g6 14. g5 Ne4 15.
Qxe4 Qxe4 16. Nxe4 Rxe4 17. h4 Re8 18. Bd2 Nc5 19. Bb4 a5 20. Bxc5 Bxc5 21.
O-O-O Be7 22. Rdg1 a4 23. Bd3 Ra5 24. Bc2 Bd7 25. Rd1 Bg4 26. Rd2 Rd8 27. Rg1
Bc8 28. Nf3 Rxd2 29. Nxd2 Bf5 30. Bxf5 Rxf5 31. f4 Rc5+ 32. Kb1 Rd5 33. Ne4 Kg7
34. Kc2 b5 35. h5 gxh5 36. Nc3 Rf5 37. Kd3 h6 38. gxh6+ Kxh6 39. Ne2 Rd5+ 40.
Ke4 f5+ 41. Kf3 Bf6 42. Rc1 c5 43. Rc2 c4 44. Ng3 h4 45. Nh1 Rd1 46. Nf2 Rb1
47. Rd2 Rxb2 48. Rd6 Kg7 49. Rd7+ Kf8 50. Rc7 Be7 51. e4 Rb3+ 52. Kg2 Rg3+ 53.
Kf1 h3 54. Rc8+ Kg7 55. Rc7 Kf7 56. exf5 h2 57. f6 Rg1+ 58. Ke2 Kxf6 59. Rc6+
Kg7 0-1

[Event "Ruy Lopez - Norma de MI"]
[Site "Asamblea de Merida"]
[Date "2008.04.07"]
[Round "5.5"]
[White "Carrasco Martinez, Juan M"]
[Black "Guerra Tulcan, Lenin"]
[Result "1/2-1/2"]
[WhiteElo "2417"]
[BlackElo "2274"]
[PlyCount "59"]
[EventDate "2008.04.05"]
[SourceDate "2008.04.06"]

1. d4 d6 2. Nf3 Nf6 3. c4 Nbd7 4. Nc3 e5 5. Bg5 Be7 6. e3 O-O 7. Qc2 Re8 8.
O-O-O exd4 9. Nxd4 Nc5 10. h3 a5 11. g4 Nfe4 12. Bxe7 Qxe7 13. Nd5 Qd8 14. Bg2
c6 15. Nf4 Qh4 16. Rhf1 Bd7 17. Nb3 Qe7 18. Nxc5 Nxc5 19. Rd2 Be6 20. Rfd1 Red8
21. b3 Rac8 22. Kb1 Na6 23. Qc3 a4 24. Nh5 f6 25. g5 Bf5+ 26. e4 Bxe4+ 27. Bxe4
Qxe4+ 28. Kb2 a3+ 29. Kxa3 Qg6 30. Nf4 1/2-1/2

[Event "Ruy Lopez - Norma de MI"]
[Site "Asamblea de Merida"]
[Date "2008.04.08"]
[Round "6.2"]
[White "Cabezas Ayala, Ivan"]
[Black "Carrasco Martinez, Juan M"]
[Result "1-0"]
[WhiteElo "2320"]
[BlackElo "2417"]
[PlyCount "65"]
[EventDate "2008.04.05"]
[SourceDate "2008.04.06"]

1. e4 e6 2. d4 d5 3. Nc3 Bb4 4. e5 c5 5. a3 Bxc3+ 6. bxc3 Qa5 7. Bd2 Qa4 8. Rb1
c4 9. Qc1 Nc6 10. h4 f6 11. Nf3 fxe5 12. Nxe5 Nf6 13. Nxc6 bxc6 14. Bf4 Qa5 15.
Qe3 O-O 16. Bd6 Rf7 17. f3 Bd7 18. Be2 Ne8 19. Be5 Qxa3 20. g4 Qf8 21. h5 a5
22. Kd2 a4 23. g5 Rf5 24. g6 h6 25. Rb7 Rd8 26. Ra7 a3 27. Rb1 Rxh5 28. Rbb7
Qe7 29. f4 Rh4 30. Qg3 Kf8 31. Bf3 a2 32. Ke2 h5 33. Rxa2 1-0

[Event "Ruy Lopez - Norma de MI"]
[Site "Asamblea de Merida"]
[Date "2008.04.08"]
[Round "6.3"]
[White "Figuero, Toro Julian Francis"]
[Black "Garcia Romero, Benjamin Abel"]
[Result "1-0"]
[WhiteElo "2253"]
[BlackElo "2250"]
[PlyCount "135"]
[EventDate "2008.04.05"]
[SourceDate "2008.04.06"]

1. g3 d5 2. Bg2 Nf6 3. Nf3 c5 4. O-O Nc6 5. d3 e5 6. c4 Be7 7. cxd5 Nxd5 8. Nc3
Nc7 9. b3 O-O 10. Bb2 Bg4 11. Rc1 f6 12. a3 Qd7 13. Na4 Na6 14. Nd2 Rac8 15.
Re1 Rfd8 16. Nc3 Be6 17. Nb5 Nab8 18. Nc4 Qe8 19. a4 Bf8 20. Bc3 Qf7 21. Rb1 b6
22. Qd2 Nd4 23. Qa2 Bd5 24. Bxd5 Rxd5 25. Bxd4 exd4 26. a5 bxa5 27. Qxa5 Nc6
28. Qd2 Qd7 29. Qf4 Ne7 30. Nba3 Re8 31. Nc2 Rg5 32. Qf3 Nd5 33. e4 dxe3 34.
N2xe3 Nc3 35. h4 Rg6 36. Qf5 Qd4 37. Rbc1 Kh8 38. Kh2 Nb5 39. Ng2 Rd8 40. Re3
Rh6 41. Rce1 g5 42. Kg1 Rg6 43. Re8 Nc7 44. Rxd8 Qxd8 45. h5 Rg7 46. Nge3 Rd7
47. Ng4 Rd5 48. Qxf6+ Qxf6 49. Nxf6 Rxd3 50. Ne5 Rxb3 51. Ned7 Kg7 52. Nxh7 Bd6
53. Nxg5 Bxg3 54. Re7+ Kh6 55. Nf7+ Kxh5 56. fxg3 Rxg3+ 57. Kf2 Rc3 58. Nd6
Rc2+ 59. Kf3 Rd2 60. Nf6+ Kg6 61. Nfe4 Rd3+ 62. Kg4 Nd5 63. Re6+ Kg7 64. Kf5
Kf8 65. Re8+ Kg7 66. Rb8 Ne7+ 67. Ke6 Ng6 68. Nf5+ 1-0

[Event "Ruy Lopez - Norma de MI"]
[Site "Asamblea de Merida"]
[Date "2008.04.08"]
[Round "6.4"]
[White "Strikovic, Aleksa"]
[Black "Frois, Antonio"]
[Result "0-1"]
[WhiteElo "2530"]
[BlackElo "2370"]
[PlyCount "84"]
[EventDate "2008.04.05"]
[SourceDate "2008.04.06"]

1. c4 c5 2. Nc3 g6 3. Nf3 Bg7 4. e3 Nf6 5. d4 O-O 6. d5 d6 7. Be2 e6 8. O-O
exd5 9. cxd5 Bg4 10. h3 Bxf3 11. Bxf3 a6 12. a4 Nbd7 13. g4 Ne5 14. Be2 h6 15.
e4 Re8 16. Be3 Ned7 17. f3 Nh7 18. Qd2 Qh4 19. Kg2 Be5 20. f4 Bxc3 21. bxc3
Rxe4 22. Bd3 Re7 23. c4 Rae8 24. Bf2 Qf6 25. Rab1 b6 26. h4 Qg7 27. Rfe1 Nhf6
28. Rxe7 Rxe7 29. Kf3 g5 30. hxg5 hxg5 31. fxg5 Ne5+ 32. Kg3 Nfxg4 33. Rxb6 Re8
34. Be2 Nf6 35. Kg2 Ne4 36. Qf4 Ng6 37. Qf3 Nxf2 38. Kxf2 Qd4+ 39. Kf1 Qa1+ 40.
Rb1 Qa2 41. Re1 Qd2 42. Qf6 Re4 0-1

[Event "Ruy Lopez - Norma de MI"]
[Site "Asamblea de Merida"]
[Date "2008.04.08"]
[Round "6.5"]
[White "Dolezal, Cristian"]
[Black "Vitor, Antonio"]
[Result "1/2-1/2"]
[WhiteElo "2436"]
[BlackElo "2368"]
[PlyCount "47"]
[EventDate "2008.04.05"]
[SourceDate "2008.04.06"]

1. d4 Nf6 2. g3 d5 3. Bg2 c6 4. Nf3 Bg4 5. Nbd2 e6 6. h3 Bh5 7. g4 Bg6 8. Ne5
Nbd7 9. Nxg6 hxg6 10. e3 e5 11. dxe5 Nxe5 12. Qe2 Qc7 13. g5 Nh5 14. b3 Bd6 15.
Bb2 Qe7 16. h4 Ba3 17. O-O-O b5 18. Nb1 Bxb2+ 19. Kxb2 O-O 20. Rhe1 f5 21. f4
Nf7 22. Bf3 Ng3 23. Qf2 Nh5 24. Qe2 1/2-1/2

[Event "Ruy Lopez - Norma de MI"]
[Site "Asamblea de Merida"]
[Date "2008.04.09"]
[Round "7.1"]
[White "Vitor, Antonio"]
[Black "Rocha, Sergio"]
[Result "1-0"]
[WhiteElo "2368"]
[BlackElo "2412"]
[PlyCount "97"]
[EventDate "2008.04.05"]
[SourceDate "2008.04.06"]

1. Nf3 Nf6 2. c4 e6 3. g3 b6 4. Bg2 Bb7 5. O-O c5 6. Nc3 Be7 7. d4 cxd4 8. Qxd4
d6 9. Bg5 a6 10. Bxf6 Bxf6 11. Qf4 O-O 12. Rfd1 Be7 13. Ne4 Bxe4 14. Qxe4 Ra7
15. Nd4 Rd7 16. Qd3 Qc7 17. Rac1 Bf6 18. e3 Rc8 19. Qb1 Qd8 20. b3 Rdc7 21. a4
Nd7 22. Ne2 Be7 23. Nd4 Nf6 24. Rc2 Qd7 25. Rcd2 Rc5 26. Bf1 R5c7 27. b4 Qxa4
28. Ra2 Qe8 29. Rxa6 d5 30. b5 dxc4 31. Nc6 Nd5 32. Rc1 c3 33. e4 Nf6 34. Rxc3
Bc5 35. Bg2 Rxc6 36. bxc6 Qxc6 37. Rc2 Rd8 38. e5 Nd5 39. Rd2 g6 40. Ra1 b5 41.
Qb3 Qb6 42. Bxd5 exd5 43. Rxd5 Bxf2+ 44. Kg2 Bd4 45. Rd1 Rxd5 46. Qxd5 Bc3 47.
Rf1 Qc7 48. e6 fxe6 49. Qa8+ 1-0

[Event "Ruy Lopez - Norma de MI"]
[Site "Asamblea de Merida"]
[Date "2008.04.09"]
[Round "7.2"]
[White "Frois, Antonio"]
[Black "Dolezal, Cristian"]
[Result "1/2-1/2"]
[WhiteElo "2370"]
[BlackElo "2436"]
[PlyCount "31"]
[EventDate "2008.04.05"]
[SourceDate "2008.04.06"]

1. Nf3 c5 2. c4 g6 3. g3 Bg7 4. Bg2 Nc6 5. Nc3 e6 6. O-O Nge7 7. d3 O-O 8. Bd2
b6 9. a3 Bb7 10. Rb1 d6 11. b4 Qd7 12. Qa4 Rfd8 13. Rbc1 Nd4 14. Qxd7 Nxf3+ 15.
Bxf3 Rxd7 16. Bxb7 1/2-1/2